00471nam a2200133Ii 4500040000800000082002600008100002600034245008200060260005100142300003500193490006100228500002700289650002100316 cOSU a333 FIS 1978 A089 Or.1 aRicker, William Edwin10aComputation and interpretation of biological statistics of fish populations / aOttawa :bFisheries and Marine Service,cc1978 axviii, 382 p. :bill. ;c26 cm1 aBulletin of the Fisheries Research Board of Canada ; 191 aReprint of the 1975 ed 0aFish populations